Statistics for NBA Slam Dunk & 3 Points Winners by Team

Click here to take the quiz!

General Stats

  • This quiz has been taken 114 times
    (21 since last reset)
  • The average score is 44 of 77

Answer Stats

TeamChampionSeasonPlayer% Correct
Atlanta HawksSlam Dunk Champion1985Dominique Wilkins
95%
Atlanta HawksSlam Dunk Champion1990Dominique Wilkins
95%
Boston Celtics3-Point Champion1986Larry Bird
89%
Boston Celtics3-Point Champion1987Larry Bird
89%
Boston Celtics3-Point Champion1988Larry Bird
89%
Chicago BullsSlam Dunk Champion1987Michael Jordan
89%
Chicago BullsSlam Dunk Champion1988Michael Jordan
89%
New York KnicksSlam Dunk Champion2009Nate Robinson
89%
New York KnicksSlam Dunk Champion2010Nate Robinson
89%
New York KnicksSlam Dunk Champion2006Nate Robinson
89%
Milwaukee Bucks3-Point Champion2024Damian Lillard
84%
Portland Trailblazers3-Point Champion2023Damian Lillard
84%
Orlando MagicSlam Dunk Champion2008Dwight Howard
84%
Indiana PacersSlam Dunk Champion2017Glenn Robinson III
84%
Golden State Warriors3-Point Champion2021Stephen Curry
84%
Golden State Warriors3-Point Champion2015Stephen Curry
84%
Los Angeles ClippersSlam Dunk Champion2011Blake Griffin
79%
Dallas Mavericks3-Point Champion2006Dirk Nowitzki
79%
Golden State WarriorsSlam Dunk Champion2002Jason Richardson
79%
Golden State WarriorsSlam Dunk Champion2003Jason Richardson
79%
Golden State Warriors3-Point Champion2016Klay Thompson
79%
Los Angeles LakersSlam Dunk Champion1997Kobe Bryant
79%
Cleveland Cavaliers3-Point Champion2013Kyrie Irving
79%
Toronto RaptorsSlam Dunk Champion2000Vince Carter
79%
Minnesota Timberwolves3-Point Champion2022Karl-Anthony Towns
74%
Phoenix Suns3-Point Champion2005Quentin Richardson
74%
Atlanta HawksSlam Dunk Champion1986Spud Webb
74%
Cleveland Cavaliers3-Point Champion1994Mark Price
68%
Cleveland Cavaliers3-Point Champion1993Mark Price
68%
Boston Celtics3-Point Champion2010Paul Pierce
68%
Milwaukee Bucks3-Point Champion2001Ray Allen
68%
Chicago Bulls3-Point Champion1997Steve Kerr
68%
Minnesota TimberwolvesSlam Dunk Champion2016Zach LaVine
68%
Minnesota TimberwolvesSlam Dunk Champion2015Zach LaVine
68%
Orlando MagicSlam Dunk Champion2024Mac McClung
63%
Philadelphia 76ersSlam Dunk Champion2023Mac McClung
63%
Houston Rockets3-Point Champion2017Eric Gordon
58%
New York KnicksSlam Dunk Champion2022Obi Toppin
58%
Portland TrailblazersSlam Dunk Champion2021Anfernee Simons
53%
Miami HeatSlam Dunk Champion2020Derrick Jones Jr.
53%
Phoenix Suns3-Point Champion2018Devin Booker
53%
Indiana PacersSlam Dunk Champion2004Fred Jones
53%
Boston CelticsSlam Dunk Champion2007Gerald Green
53%
Miami Heat3-Point Champion2011James Jones
53%
Utah Jazz3-Point Champion1998Jeff Hornacek
53%
Utah Jazz3-Point Champion2000Jeff Hornacek
53%
Brooklyn Nets3-Point Champion2019Joe Harris
53%
Washington WizardsSlam Dunk Champion2014John Wall
53%
Atlanta HawksSlam Dunk Champion2005Josh Smith
53%
Sacramento Kings3-Point Champion2020Buddy Hield
47%
Sacramento Kings3-Point Champion2002Predrag Stojaković
47%
Sacramento Kings3-Point Champion2003Predrag Stojaković
47%
Utah JazzSlam Dunk Champion2018Donovan Mitchell
42%
Miami Heat3-Point Champion1995Glen Rice
42%
New York KnicksSlam Dunk Champion1989Kenny Walker
42%
Los Angeles ClippersSlam Dunk Champion1996Brent Barry
32%
Phoenix SunsSlam Dunk Champion1992Cedric Ceballos
32%
Chicago Bulls3-Point Champion1990Craig Hodges
32%
Chicago Bulls3-Point Champion1992Craig Hodges
32%
Chicago Bulls3-Point Champion1991Craig Hodges
32%
Minnesota Timberwolves3-Point Champion2012Kevin Love
32%
Phoenix SunsSlam Dunk Champion1984Larry Nance
32%
Toronto RaptorsSlam Dunk Champion2013Terrence Ross
32%
Denver Nuggets3-Point Champion2004Voshon Lenard
32%
Boston CelticsSlam Dunk Champion1991Dee Brown
26%
Oklahoma City ThunderSlam Dunk Champion2019Hamidou Diallo
26%
San Antonio Spurs3-Point Champion2014Marco Belinelli
26%
Seattle SuperSonics3-Point Champion1989Dale Ellis
21%
Miami HeatSlam Dunk Champion1993Harold Miner
21%
Miami HeatSlam Dunk Champion1995Harold Miner
21%
Minnesota TimberwolvesSlam Dunk Champion1994Isaiah Rider
21%
Toronto Raptors3-Point Champion2008Jason Kapono
21%
Miami Heat3-Point Champion2007Jason Kapono
21%
Seattle SuperSonicsSlam Dunk Champion2001Desmond Mason
16%
Utah JazzSlam Dunk Champion2012Jeremy Evans
16%
Washington Bullets3-Point Champion1996Tim Legler
5%
Miami Heat3-Point Champion2009Daequan Cook
0%

Score Distribution

Percentile by Number Answered

Percent of People with Each Score

Your Score History

You have not taken this quiz since the last reset